000 01969 a2200277 04500
003 PE-LiUPU
005 20250731183448.0
008 050629s2007 mx spa d
020 _a9781643600413
040 _bspa
_cPE-LiUPU
_dPE-LiUPU
_erda
082 0 4 _a720.72
_bM553
_223
100 _aBevilacqua, Flavio
_eautor.
_94384
245 1 0 _aCómo hacer una tesis (de arquitectura) :
_bLineamientos teóricos para la elaboración de un trabajo de tesis del taller de diseño en arquitectura /
_cFlavio Bevilacqua.
264 _aBuenos Aires :
_bDiseño,
_c2019.
300 _a101 páginas :
_bilustrado ;
_c21 centímetros.
504 _aBibliografía: páginas 100-101
505 _aDefinición de conceptos fundamentales -- Derribar el proyecto – Definiciones -- Proyecto de arquitectura -- Operación de diseño en arquitectura -- Sistema teleológicamente orientado -- Causalidad en el proyecto -- En busca del óptimo mediante el proyecto -- Tiempo Amo y esclavo -- Sistemas de acción -- El proyecto como sistema abierto -- Autopoiesis -- La complejidad del modo en el que se proyecta -- Estado de excepción y proyecto -- Funcionalismo de la equivalencia -- Programas en los sistemas -- Operación proyectual -- Observar la operación -- Operación formalmente organizada -- El proyecto del proyecto -- El proyecto del proyecto -- Denominación del proyecto -- Temática -- Construcción del problema de diseño -- Análisis de antecedentes -- Justificación del proyecto -- Viabilidad del trabajo -- Planteo de interrogantes -- Objetivos -- Intención proyectual -- Teoría de referencia -- Actividades -- Operacionalización -- Condiciones de presentación.
526 _aP158
526 _aP146
526 _aP17
526 _aP12
526 _aP06
650 1 4 _aArquitectura
_xInvestigación.
_93373
942 _cBK
_2ddc
_n0
999 _c62619
_d62618
980 _618226
_aJaime Vilcazán Jefe de Análisis Documental
_81
_gALBERTO SANCHEZ Responsable de Automatización